000 00658nam a2200217 a 4500
001 15348
003 CO-ViMGA
008 141112s2004 ck r 000 u spa d
020 _a9688803421
040 _aCO-ViMGA
_bspa
_cCO-ViMGA
082 0 4 _a696.1 A572m
100 1 _aAlth, Max
_922304
245 1 0 _aManual de plomeria e instalaciones electricas residenciales
250 _a3
260 _aMexico,
_cPrentice Hall,
_c1994
300 _a3 VOL.
505 _aVOL (1) : Plomería VOL (2) : Plomería VOL (3) : Instalaciones electricas residenciales
650 1 4 _aINSTALACIONES ELECTRICAS - RESIDENCIALES
_922305
650 1 4 _aPLOMERIA
942 _2ddc
_cBK
999 _c25692
_d25692